01140nam a22003137a 4500001001000000003000900010005001700019007000300036008003400039040005400073041001000127072002600137090001900163100002700182110006600209245011900275260003400394300001100428500006900439650001700508650002500525650001300550650002300563650002800586909003600614942000700650999001700657952015200674BR0601441BR-BrBNA20230928102118.0ta230509b bl.||||| |||| 00| 0 por d aBR-BrBNAbporcBiblioteca Nacional de Agricultura a(Por) aH10b3322b4020b7300  3322 BR06014411 aSoglia, M. da C. de M.1 aUniversidade Federal de Lavras, MG (Brasil)0Tese (Doutorado)1 aInteração crisântemo-pulgão-parasitóides/predador visando ao controle biológico em cultivos protegidos3 aLavras, MG (Brasil): c2005.  a130 p. aSummaries (Eng, Por); Several bibliography; 10 illus.; 11 tables aCRISÂNTEMO aCONTROLE BIOLÓGICO aPULGÃO aPARASITO DE PLANTA aANÁLISE ESTATÍSTICA a202309bLuciac55dLucia Elande cBK c69194d69194 002AGRIS40708AGROBASEa41918b41918l0o 3322 BR0601441p3322 BR0601441r2023-09-25t01yBK10d2023-09-25ePortaria Interministerial nº 164/94